000
00294nam a2200133Ia 4500
008
231017s9999 xx 000 0 und d
082
_a
625.85
082
_b
BCM
245
0
_a
Bituminous mixes and flexible pavements
245
0
_c
BACMI
260
_b
BACMI
300
_c
30cm
942
_c
REP
999
_c
606187
_d
606187